01095nam a2200289 a 4500001001200000003000800012006001900020007001500039008004100054020001800095040002100113035002100134050002400155100001800179245006900197246004700266250001200313260005000325300001900375504004100394533015200435650002900587655002900616710001700645856012600662999001700788ebr10415261CaPaEBRm u cr cn|||||||||101006s2010 ii a sb 000 0 eng d z9788184888232 aCaPaEBRcCaPaEBR a(OCoLC)69760912114aHD58.7b.R36 2010eb1 aSubba Rao, P.10aOrganisational behaviourh[electronic resource] /cP. Subba Rao.34aOrganisational behaviour :btext and cases a1st ed. aMumbai [India] :bHimalaya Pub. House,c2010. a355 p. :bill. aIncludes bibliographical references. aElectronic reproduction.bPalo Alto, Calif. :cebrary,d2010.nAvailable via World Wide Web.nAccess may be limited to ebrary affiliated libraries. 0aOrganizational behavior. 7aElectronic books.2local2 aebrary, Inc.40uhttp://site.ebrary.com/lib/rucke/Doc?id=10415261zAn electronic book accessible through the World Wide Web; click to view c86616d86616